[Event "45th FIDE Chess Olympiad Open"]
[Site "Budapest, Hungary"]
[Date "2024.09.21"]
[Round "10"]
[White "Francis, Nigel"]
[Black "Moses Ina Ebenezer Conteh"]
[Result "1-0"]
[Board "356"]
[WhiteFideId "93800010"]
[BlackFideId "17800250"]
[WhiteElo "1775"]
[BlackElo "1631"]
[WhiteTeam "Dominica"]
[BlackTeam "Sierra Leone"]
[WhiteClock "0:27:44"]
[BlackClock "0:29:02"]
[Variant "Standard"]

1. e4 {[%clk 1:30:57]}  c6 {[%clk 1:30:47]} 2. d4 {[%clk 1:31:20]}  d5 {[%clk 1:31:09]} 3. e5 {[%clk 1:31:43]}  Bf5 {[%clk 1:31:06]} 4. h4 {[%clk 1:30:55]}  h5 {[%clk 1:31:02]} 5. Bd3 {[%clk 1:30:04]}  Bxd3 {[%clk 1:31:04]} 6. Qxd3 {[%clk 1:30:16]}  e6 {[%clk 1:31:23]} 7. c4 {[%clk 1:26:30]}  Nd7 {[%clk 1:29:36]} 8. c5 {[%clk 1:25:56]}  b6 {[%clk 1:29:30]} 9. b4 {[%clk 1:26:04]}  a5 {[%clk 1:28:30]} 10. b5 {[%clk 1:20:31]}  bxc5 {[%clk 1:27:48]} 11. bxc6 {[%clk 1:20:09]}  Nb8 {[%clk 1:26:33]} 12. Qb5 {[%clk 1:17:36]}  Qc7 {[%clk 1:25:13]} 13. Nf3 {[%clk 1:09:22]}  Nxc6 {[%clk 1:25:02]} 14. dxc5 {[%clk 1:05:33]}  Rb8 {[%clk 1:24:44]} 15. Qe2 {[%clk 1:05:56]}  Bxc5 {[%clk 1:23:04]} 16. Nbd2 {[%clk 1:03:20]}  Nxe5 {[%clk 1:21:22]} 17. Qxe5 {[%clk 0:59:33]}  Qxe5+ {[%clk 1:20:58]} 18. Nxe5 {[%clk 0:59:57]}  Bd4 {[%clk 1:20:05]} 19. Nc6 {[%clk 1:00:18]}  Bxa1 {[%clk 1:19:19]} 20. Nxb8 {[%clk 1:00:31]}  Ne7 {[%clk 1:19:16]} 21. Ba3 {[%clk 0:56:02]}  Bf6 {[%clk 1:17:04]} 22. Na6 {[%clk 0:54:34]}  O-O {[%clk 1:14:26]} 23. Nc5 {[%clk 0:52:05]}  Rc8 {[%clk 1:14:09]} 24. Nd7 {[%clk 0:41:27]}  Bd4 {[%clk 1:14:12]} 25. Nf3 {[%clk 0:41:14]}  Bc3+ {[%clk 1:10:43]} 26. Ke2 {[%clk 0:40:58]}  Nf5 {[%clk 1:08:47]} 27. Rb1 {[%clk 0:39:36]}  Kh7 {[%clk 1:06:45]} 28. Rb8 {[%clk 0:31:31]}  Rc7 {[%clk 1:06:32]} 29. Nf8+ {[%clk 0:24:17]}  Kh6 {[%clk 1:04:33]} 30. Bc1+ {[%clk 0:23:02]}  g5 {[%clk 1:04:20]} 31. hxg5+ {[%clk 0:19:19]}  Kg7 {[%clk 1:03:09]} 32. Bf4 {[%clk 0:19:07]}  Rc4 {[%clk 1:02:34]} 33. Bh2 {[%clk 0:18:52]}  Nd4+ {[%clk 1:02:34]} 34. Nxd4 {[%clk 0:17:01]}  Bxd4 {[%clk 0:53:59]} 35. Nd7 {[%clk 0:17:12]}  Ra4 {[%clk 0:49:57]} 36. a3 {[%clk 0:10:34]}  Rxa3 {[%clk 0:48:41]} 37. Be5+ {[%clk 0:09:54]}  Bxe5 {[%clk 0:48:35]} 38. Nxe5 {[%clk 0:10:17]}  a4 {[%clk 0:40:56]} 39. Rb7 {[%clk 0:09:55]}  Ra2+ {[%clk 0:39:33]} 40. Ke3 {[%clk 0:08:42]}  d4+ {[%clk 0:33:28]} 41. Kf3 {[%clk 0:08:41]}  Ra3+ {[%clk 0:31:53]} 42. Ke4 {[%clk 0:08:21]}  Rb3 {[%clk 0:25:04]} 43. Rxf7+ {[%clk 0:06:36]}  Kg8 {[%clk 0:24:09]} 44. Ra7 {[%clk 0:06:17]}  a3 {[%clk 0:23:25]} 45. Kxd4 {[%clk 0:04:44]}  Rb2 {[%clk 0:22:12]} 46. Nd3 {[%clk 0:04:59]}  Rb5 {[%clk 0:19:55]} 47. f4 {[%clk 0:04:30]}  Rd5+ {[%clk 0:18:54]} 48. Ke4 {[%clk 0:03:50]}  a2 {[%clk 0:16:49]} 49. Rxa2 {[%clk 0:03:58]}  Rd7 {[%clk 0:16:48]} 50. Ne5 {[%clk 0:03:21]}  Rb7 {[%clk 0:16:00]} 51. Rd2 {[%clk 0:03:20]}  Rb8 {[%clk 0:14:31]} 52. Nc6 {[%clk 0:01:57]}  Rb6 {[%clk 0:13:53]} 53. Rd6 {[%clk 0:29:59]}  Rb2 {[%clk 0:42:58]} 54. Rxe6 {[%clk 0:29:43]}  Rxg2 {[%clk 0:42:45]} 55. Kf5 {[%clk 0:29:18]}  h4 {[%clk 0:41:02]} 56. Rh6 {[%clk 0:26:32]}  Rc2 {[%clk 0:39:06]} 57. Ne5 {[%clk 0:26:57]}  Rh2 {[%clk 0:36:21]} 58. Kg4 {[%clk 0:26:47]}  Kg7 {[%clk 0:36:39]} 59. Rxh4 {[%clk 0:26:55]}  Rg2+ {[%clk 0:34:59]} 60. Kf5 {[%clk 0:27:13]}  Rb2 {[%clk 0:34:58]} 61. Rh6 {[%clk 0:26:56]}  Rb5 {[%clk 0:34:28]} 62. Rd6 {[%clk 0:27:04]}  Rb8 {[%clk 0:31:58]} 63. Rd7+ {[%clk 0:27:16]}  Kh8 {[%clk 0:31:42]} 64. Nf7+ {[%clk 0:25:50]}  Kg8 {[%clk 0:31:40]} 65. Nd8 {[%clk 0:26:13]}  Kf8 {[%clk 0:30:09]} 66. Ne6+ {[%clk 0:26:34]}  Ke8 {[%clk 0:29:19]} 67. Rd8+ {[%clk 0:26:58]}  Rxd8 {[%clk 0:28:37]} 68. Nxd8 {[%clk 0:27:25]}  Kxd8 {[%clk 0:28:37]} 69. Kf6 {[%clk 0:27:25]}  Ke8 {[%clk 0:29:02]} 70. Kg7 {[%clk 0:27:44]} 1-0

[Event "45th FIDE Chess Olympiad Open"]
[Site "Budapest, Hungary"]
[Date "2024.09.21"]
[Round "10"]
[White "Solomon, Joshua"]
[Black "Misambo .J. KIlasa"]
[Result "0-1"]
[Board "357"]
[WhiteFideId "23800160"]
[BlackFideId "21601631"]
[WhiteElo "1587"]
[BlackElo "1959"]
[WhiteTeam "Antigua and Barbuda"]
[BlackTeam "Tanzania"]
[WhiteClock "0:00:36"]
[BlackClock "1:01:48"]
[Variant "Standard"]

1. d4 {[%clk 1:30:58]}  Nf6 {[%clk 1:30:56]} 2. c4 {[%clk 1:31:23]}  g6 {[%clk 1:31:22]} 3. Nf3 {[%clk 1:31:46]}  c5 {[%clk 1:31:09]} 4. d5 {[%clk 1:32:10]}  d6 {[%clk 1:30:43]} 5. Nc3 {[%clk 1:32:17]}  Bg7 {[%clk 1:31:06]} 6. Bf4 {[%clk 1:32:13]}  Nh5 {[%clk 1:30:53]} 7. Bd2 {[%clk 1:31:33]}  O-O {[%clk 1:31:13]} 8. g3 {[%clk 1:31:12]}  Nd7 {[%clk 1:30:36]} 9. Bg2 {[%clk 1:31:16]}  Ne5 {[%clk 1:30:54]} 10. Nxe5 {[%clk 1:30:47]}  Bxe5 {[%clk 1:31:14]} 11. O-O {[%clk 1:30:45]}  Bd7 {[%clk 1:30:15]} 12. e4 {[%clk 1:25:39]}  Rb8 {[%clk 1:26:32]} 13. a4 {[%clk 1:23:36]}  Qc8 {[%clk 1:24:58]} 14. Bf3 {[%clk 1:09:10]}  Ng7 {[%clk 1:23:00]} 15. h4 {[%clk 1:02:51]}  f5 {[%clk 1:22:01]} 16. Re1 {[%clk 0:46:59]}  fxe4 {[%clk 1:18:24]} 17. Rxe4 {[%clk 0:46:32]}  Bf5 {[%clk 1:18:35]} 18. Rxe5 {[%clk 0:46:16]}  dxe5 {[%clk 1:18:32]} 19. Qe2 {[%clk 0:41:13]}  e4 {[%clk 1:16:50]} 20. Nxe4 {[%clk 0:40:23]}  Bxe4 {[%clk 1:16:12]} 21. Bxe4 {[%clk 0:39:57]}  Nf5 {[%clk 1:13:56]} 22. Bc3 {[%clk 0:31:07]}  Qd7 {[%clk 1:08:15]} 23. Rd1 {[%clk 0:27:14]}  Rf7 {[%clk 1:06:44]} 24. h5 {[%clk 0:20:46]}  Rbf8 {[%clk 1:04:31]} 25. Qg4 {[%clk 0:17:57]}  Qd6 {[%clk 1:02:15]} 26. hxg6 {[%clk 0:12:31]}  hxg6 {[%clk 1:00:48]} 27. Qg5 {[%clk 0:11:20]}  e5 {[%clk 0:59:53]} 28. Kg2 {[%clk 0:09:27]}  Nd4 {[%clk 0:55:16]} 29. Bxd4 {[%clk 0:06:53]}  exd4 {[%clk 0:54:21]} 30. f4 {[%clk 0:05:39]}  Qf6 {[%clk 0:46:56]} 31. Qxg6+ {[%clk 0:04:58]}  Qxg6 {[%clk 0:47:12]} 32. Bxg6 {[%clk 0:05:22]}  Rg7 {[%clk 0:47:15]} 33. f5 {[%clk 0:01:39]}  Re7 {[%clk 0:47:26]} 34. Rd2 {[%clk 0:01:31]}  Kg7 {[%clk 0:47:42]} 35. Kf2 {[%clk 0:01:02]}  Rh8 {[%clk 0:47:59]} 36. Kf3 {[%clk 0:00:57]}  Kf6 {[%clk 0:48:06]} 37. Kf4 {[%clk 0:00:57]}  Rh1 {[%clk 0:47:56]} 38. Kf3 {[%clk 0:00:39]}  Ra1 {[%clk 0:47:13]} 39. Kf2 {[%clk 0:00:33]}  Ra2 {[%clk 0:44:59]} 40. Kf3 {[%clk 0:00:39]}  Ra1 {[%clk 0:44:57]} 41. Kf4 {[%clk 0:00:35]}  Rf1+ {[%clk 0:44:32]} 42. Kg4 {[%clk 0:00:48]}  Rc1 {[%clk 0:44:44]} 43. b3 {[%clk 0:30:10]}  Rc3 {[%clk 1:14:49]} 44. d6 {[%clk 0:23:49]}  Rd7 {[%clk 1:13:17]} 45. Rh2 {[%clk 0:14:33]}  d3 {[%clk 1:11:57]} 46. Kf4 {[%clk 0:14:25]}  Rxd6 {[%clk 1:11:35]} 47. Rd2 {[%clk 0:10:33]}  Rxb3 {[%clk 1:11:35]} 48. Ke3 {[%clk 0:07:29]}  Rc3 {[%clk 1:09:46]} 49. Bh7 {[%clk 0:04:48]}  Rxc4 {[%clk 1:09:03]} 50. Rh2 {[%clk 0:04:25]}  Rcd4 {[%clk 1:04:41]} 51. Kd2 {[%clk 0:02:10]}  c4 {[%clk 1:04:12]} 52. Rh6+ {[%clk 0:02:02]}  Kg7 {[%clk 1:04:07]} 53. Bg6 {[%clk 0:01:36]}  c3+ {[%clk 1:03:00]} 54. Kxc3 {[%clk 0:01:39]}  d2 {[%clk 1:03:06]} 55. Rh7+ {[%clk 0:00:50]}  Kg8 {[%clk 1:03:01]} 56. Rc7 {[%clk 0:00:36]}  d1=Q {[%clk 1:01:48]} 0-1

[Event "45th FIDE Chess Olympiad Open"]
[Site "Budapest, Hungary"]
[Date "2024.09.21"]
[Round "10"]
[White "Veer Gandhi"]
[Black "Matthew Bailey"]
[Result "1/2-1/2"]
[Board "358"]
[WhiteFideId "21600155"]
[BlackFideId "23800011"]
[WhiteElo "1792"]
[BlackElo "1548"]
[WhiteTeam "Tanzania"]
[BlackTeam "Antigua and Barbuda"]
[WhiteClock "0:01:31"]
[BlackClock "1:01:48"]
[Variant "Standard"]

1. d4 {[%clk 1:30:53]}  Nf6 {[%clk 1:30:47]} 2. Bf4 {[%clk 1:31:17]}  d5 {[%clk 1:31:07]} 3. Nc3 {[%clk 1:31:31]}  e6 {[%clk 1:31:06]} 4. Nb5 {[%clk 1:31:10]}  Bb4+ {[%clk 1:30:17]} 5. c3 {[%clk 1:30:32]}  Ba5 {[%clk 1:30:42]} 6. a4 {[%clk 1:30:20]}  a6 {[%clk 1:30:13]} 7. b4 {[%clk 1:29:03]}  Bxb4 {[%clk 1:27:49]} 8. cxb4 {[%clk 1:19:52]}  axb5 {[%clk 1:27:39]} 9. axb5 {[%clk 1:20:06]}  Rxa1 {[%clk 1:27:38]} 10. Qxa1 {[%clk 1:20:28]}  Qe7 {[%clk 1:26:59]} 11. Qb2 {[%clk 1:16:41]}  O-O {[%clk 1:22:11]} 12. e3 {[%clk 0:59:35]}  Nh5 {[%clk 1:22:25]} 13. Bg3 {[%clk 1:00:00]}  Nxg3 {[%clk 1:22:37]} 14. hxg3 {[%clk 1:00:23]}  Nd7 {[%clk 1:22:33]} 15. Bd3 {[%clk 0:59:26]}  g6 {[%clk 1:22:55]} 16. Nf3 {[%clk 0:58:10]}  Re8 {[%clk 1:20:13]} 17. Ke2 {[%clk 0:42:03]}  e5 {[%clk 1:19:30]} 18. dxe5 {[%clk 0:40:40]}  Nxe5 {[%clk 1:19:44]} 19. Nxe5 {[%clk 0:41:00]}  Qxe5 {[%clk 1:20:06]} 20. Qxe5 {[%clk 0:41:01]}  Rxe5 {[%clk 1:20:29]} 21. Rc1 {[%clk 0:40:21]}  Re7 {[%clk 1:20:39]} 22. Kd2 {[%clk 0:39:03]}  Kg7 {[%clk 1:20:06]} 23. Kc3 {[%clk 0:37:30]}  c6 {[%clk 1:19:09]} 24. Kd4 {[%clk 0:37:11]}  Bd7 {[%clk 1:18:49]} 25. Kc5 {[%clk 0:35:27]}  Kf6 {[%clk 1:19:12]} 26. Kd6 {[%clk 0:27:23]}  Be8 {[%clk 1:16:08]} 27. b6 {[%clk 0:25:07]}  Rd7+ {[%clk 1:11:32]} 28. Kc5 {[%clk 0:25:17]}  Rd8 {[%clk 1:09:48]} 29. Ra1 {[%clk 0:25:04]}  Bd7 {[%clk 1:08:45]} 30. Ra7 {[%clk 0:23:00]}  Bc8 {[%clk 1:07:50]} 31. Ra8 {[%clk 0:21:38]}  Ke7 {[%clk 1:05:55]} 32. Be2 {[%clk 0:20:01]}  h5 {[%clk 1:03:02]} 33. Ra7 {[%clk 0:18:15]}  Ke6 {[%clk 0:58:44]} 34. g4 {[%clk 0:17:38]}  h4 {[%clk 0:59:05]} 35. Kd4 {[%clk 0:13:05]}  Kd6 {[%clk 0:58:45]} 36. Ra8 {[%clk 0:12:19]}  Re8 {[%clk 0:57:42]} 37. Bf3 {[%clk 0:06:56]}  Bd7 {[%clk 0:55:21]} 38. Ra7 {[%clk 0:06:51]}  Bc8 {[%clk 0:49:04]} 39. g5 {[%clk 0:05:09]}  Re5 {[%clk 0:46:04]} 40. Ra8 {[%clk 0:01:57]}  Bd7 {[%clk 0:44:32]} 41. Rb8 {[%clk 0:27:01]}  Rxg5 {[%clk 1:13:33]} 42. Rxb7 {[%clk 0:27:09]}  f6 {[%clk 1:12:47]} 43. Rb8 {[%clk 0:23:03]}  Re5 {[%clk 1:11:59]} 44. b7 {[%clk 0:19:22]}  Kc7 {[%clk 1:09:39]} 45. Rd8 {[%clk 0:19:32]}  Kxb7 {[%clk 1:09:49]} 46. Rxd7+ {[%clk 0:19:54]}  Kb6 {[%clk 1:10:16]} 47. Rh7 {[%clk 0:15:40]}  g5 {[%clk 1:10:04]} 48. Rf7 {[%clk 0:10:48]}  Rf5 {[%clk 1:09:54]} 49. Rg7 {[%clk 0:10:36]}  h3 {[%clk 1:09:11]} 50. Rh7 {[%clk 0:07:01]}  hxg2 {[%clk 1:09:22]} 51. Bxg2 {[%clk 0:07:19]}  Rxf2 {[%clk 1:09:47]} 52. Bh3 {[%clk 0:06:20]}  f5 {[%clk 1:08:12]} 53. Rf7 {[%clk 0:05:11]}  f4 {[%clk 1:08:18]} 54. exf4 {[%clk 0:03:01]}  gxf4 {[%clk 1:07:20]} 55. Bc8 {[%clk 0:03:15]}  Kb5 {[%clk 1:05:47]} 56. Rb7+ {[%clk 0:03:18]}  Ka4 {[%clk 1:05:55]} 57. Bd7 {[%clk 0:02:56]}  Rc2 {[%clk 1:05:18]} 58. Bxc6+ {[%clk 0:01:27]}  Rxc6 {[%clk 1:02:29]} 59. Rf7 {[%clk 0:01:42]}  Rc4 {[%clk 1:01:38]} 60. Kxd5 {[%clk 0:01:39]}  Rxb4 {[%clk 1:01:48]} 61. Ke5 {[%clk 0:01:31]} 1/2-1/2

[Event "45th FIDE Chess Olympiad Open"]
[Site "Budapest, Hungary"]
[Date "2024.09.21"]
[Round "10"]
[White "Farquhar, Abner"]
[Black "Lusako, Shedrack"]
[Result "1-0"]
[Board "359"]
[WhiteFideId "23800410"]
[BlackFideId "21600538"]
[WhiteElo "1678"]
[BlackElo "1760"]
[WhiteTeam "Antigua and Barbuda"]
[BlackTeam "Tanzania"]
[WhiteClock "1:17:23"]
[BlackClock "0:53:45"]
[Variant "Standard"]

1. d4 {[%clk 1:30:57]}  d5 {[%clk 1:30:48]} 2. Nf3 {[%clk 1:31:19]}  e6 {[%clk 1:31:08]} 3. c3 {[%clk 1:31:30]}  Nf6 {[%clk 1:31:21]} 4. Bf4 {[%clk 1:31:41]}  Bd6 {[%clk 1:31:21]} 5. e3 {[%clk 1:31:49]}  Bxf4 {[%clk 1:31:37]} 6. exf4 {[%clk 1:32:07]}  Nbd7 {[%clk 1:31:42]} 7. Bd3 {[%clk 1:31:30]}  c5 {[%clk 1:31:37]} 8. Nbd2 {[%clk 1:31:13]}  Qc7 {[%clk 1:24:46]} 9. g3 {[%clk 1:30:05]}  b6 {[%clk 1:24:03]} 10. Ne5 {[%clk 1:29:45]}  Bb7 {[%clk 1:23:38]} 11. Qe2 {[%clk 1:28:11]}  Nxe5 {[%clk 1:15:10]} 12. fxe5 {[%clk 1:28:07]}  Ne4 {[%clk 1:10:22]} 13. Nxe4 {[%clk 1:27:53]}  dxe4 {[%clk 1:10:49]} 14. Bxe4 {[%clk 1:28:12]}  Bxe4 {[%clk 1:11:14]} 15. Qxe4 {[%clk 1:28:30]}  O-O {[%clk 1:11:33]} 16. O-O-O {[%clk 1:26:53]}  b5 {[%clk 1:10:02]} 17. dxc5 {[%clk 1:25:31]}  Qxc5 {[%clk 1:10:18]} 18. Qd4 {[%clk 1:25:49]}  Qc6 {[%clk 1:10:17]} 19. f4 {[%clk 1:22:37]}  g6 {[%clk 1:09:44]} 20. Rhe1 {[%clk 1:21:04]}  a5 {[%clk 1:08:52]} 21. Qe4 {[%clk 1:19:52]}  Qc5 {[%clk 1:08:38]} 22. Kb1 {[%clk 1:20:00]}  Rab8 {[%clk 1:08:18]} 23. Rd6 {[%clk 1:19:29]}  b4 {[%clk 1:04:17]} 24. Qd4 {[%clk 1:19:43]}  Qc7 {[%clk 0:58:15]} 25. c4 {[%clk 1:18:52]}  Rfc8 {[%clk 0:57:29]} 26. c5 {[%clk 1:18:54]}  Qxc5 {[%clk 0:56:17]} 27. Rd8+ {[%clk 1:19:13]}  Kg7 {[%clk 0:54:27]} 28. Qxc5 {[%clk 1:19:32]}  Rxd8 {[%clk 0:53:17]} 29. Qxa5 {[%clk 1:18:57]}  Rd2 {[%clk 0:53:36]} 30. Qa7 {[%clk 1:19:11]}  Rbd8 {[%clk 0:53:59]} 31. Qe7 {[%clk 1:18:43]}  R8d4 {[%clk 0:53:12]} 32. Qf6+ {[%clk 1:17:52]}  Kg8 {[%clk 0:53:28]} 33. Rc1 {[%clk 1:17:32]}  Rd8 {[%clk 0:53:28]} 34. h4 {[%clk 1:17:23]}  Rg2 {[%clk 0:53:45]} 1-0

[Event "45th FIDE Chess Olympiad Open"]
[Site "Budapest, Hungary"]
[Date "2024.09.21"]
[Round "10"]
[White "Henry Marwa Michael"]
[Black "Solomon, Jonathan"]
[Result "1-0"]
[Board "360"]
[WhiteFideId "21601712"]
[BlackFideId "23800178"]
[WhiteElo "1715"]
[BlackElo "1536"]
[WhiteTeam "Tanzania"]
[BlackTeam "Antigua and Barbuda"]
[WhiteClock "0:01:30"]
[BlackClock "0:23:51"]
[Variant "Standard"]

1. d4 {[%clk 1:30:05]}  d5 {[%clk 1:30:49]} 2. c4 {[%clk 1:30:00]}  c6 {[%clk 1:31:12]} 3. e3 {[%clk 1:30:17]}  Nf6 {[%clk 1:31:36]} 4. Nc3 {[%clk 1:30:33]}  e6 {[%clk 1:31:39]} 5. cxd5 {[%clk 1:30:45]}  exd5 {[%clk 1:32:00]} 6. Bd3 {[%clk 1:30:53]}  Be6 {[%clk 1:30:14]} 7. Nge2 {[%clk 1:30:15]}  Bd6 {[%clk 1:30:01]} 8. f3 {[%clk 1:30:16]}  Qc7 {[%clk 1:29:07]} 9. f4 {[%clk 1:24:14]}  O-O {[%clk 1:29:07]} 10. O-O {[%clk 1:24:14]}  Na6 {[%clk 1:25:41]} 11. Bxa6 {[%clk 1:22:52]}  bxa6 {[%clk 1:26:04]} 12. Qc2 {[%clk 1:22:17]}  Rfe8 {[%clk 1:24:04]} 13. h3 {[%clk 1:16:34]}  c5 {[%clk 1:20:41]} 14. dxc5 {[%clk 1:15:55]}  Bxc5 {[%clk 1:20:39]} 15. Qd3 {[%clk 0:56:18]}  Qc6 {[%clk 1:09:24]} 16. b3 {[%clk 0:53:21]}  Rad8 {[%clk 0:53:29]} 17. Rf3 {[%clk 0:37:12]}  Ne4 {[%clk 0:52:31]} 18. f5 {[%clk 0:36:36]}  Bc8 {[%clk 0:51:05]} 19. Rf1 {[%clk 0:29:49]}  Qf6 {[%clk 0:47:47]} 20. Nd4 {[%clk 0:19:58]}  Bxd4 {[%clk 0:38:07]} 21. exd4 {[%clk 0:19:58]}  Nxc3 {[%clk 0:38:08]} 22. Qxc3 {[%clk 0:20:05]}  Re4 {[%clk 0:37:45]} 23. Bb2 {[%clk 0:12:00]}  Bxf5 {[%clk 0:37:25]} 24. g4 {[%clk 0:09:52]}  Qg6 {[%clk 0:34:31]} 25. Rxf5 {[%clk 0:08:51]}  Rxg4+ {[%clk 0:34:49]} 26. hxg4 {[%clk 0:09:05]}  Qxg4+ {[%clk 0:35:14]} 27. Kh2 {[%clk 0:07:19]}  Qxf5 {[%clk 0:35:33]} 28. Rg1 {[%clk 0:06:45]}  Rd6 {[%clk 0:34:35]} 29. Bc1 {[%clk 0:05:12]}  Qd7 {[%clk 0:29:44]} 30. Qg3 {[%clk 0:05:11]}  g6 {[%clk 0:29:14]} 31. Bf4 {[%clk 0:03:37]}  Rc6 {[%clk 0:29:11]} 32. Rg2 {[%clk 0:03:47]}  Qf5 {[%clk 0:26:16]} 33. Qg5 {[%clk 0:03:11]}  Qe4 {[%clk 0:23:17]} 34. Qd8+ {[%clk 0:03:02]}  Kg7 {[%clk 0:23:38]} 35. Be5+ {[%clk 0:02:48]}  Kh6 {[%clk 0:23:51]} 36. Qg5# {[%clk 0:01:30]} 1-0

[Event "45th FIDE Chess Olympiad Open"]
[Site "Budapest, Hungary"]
[Date "2024.09.22"]
[Round "11"]
[White "Praggnanandhaa R"]
[Black "Demchenko, Anton"]
[Result "1-0"]
[Board "2"]
[WhiteFideId "25059530"]
[BlackFideId "4160258"]
[WhiteTitle "GM"]
[BlackTitle "GM"]
[WhiteElo "2750"]
[BlackElo "2597"]
[WhiteTeam "India"]
[BlackTeam "Slovenia"]
[WhiteClock "0:25:18"]
[BlackClock "0:18:26"]
[Variant "Standard"]

1. d4 {[%clk 1:30:47]}  d5 {[%clk 1:30:50]} 2. c4 {[%clk 1:31:10]}  dxc4 {[%clk 1:31:16]} 3. Nf3 {[%clk 1:31:33]}  Nf6 {[%clk 1:31:42]} 4. e3 {[%clk 1:31:54]}  e6 {[%clk 1:32:07]} 5. Bxc4 {[%clk 1:32:17]}  c5 {[%clk 1:32:36]} 6. O-O {[%clk 1:32:39]}  Nc6 {[%clk 1:33:04]} 7. Nc3 {[%clk 1:27:58]}  a6 {[%clk 1:33:22]} 8. Bd3 {[%clk 1:27:03]}  cxd4 {[%clk 1:27:37]} 9. exd4 {[%clk 1:27:31]}  Be7 {[%clk 1:28:02]} 10. Bg5 {[%clk 1:27:26]}  O-O {[%clk 1:25:22]} 11. Re1 {[%clk 1:25:06]}  Nd5 {[%clk 1:18:52]} 12. h4 {[%clk 1:19:27]}  h6 {[%clk 1:11:07]} 13. Nxd5 {[%clk 1:10:27]}  Qxd5 {[%clk 1:11:08]} 14. Be4 {[%clk 0:56:20]}  Qd6 {[%clk 1:06:27]} 15. Be3 {[%clk 0:54:29]}  Bd7 {[%clk 0:55:49]} 16. Qd2 {[%clk 0:48:40]}  f5 {[%clk 0:39:08]} 17. Bf4 {[%clk 0:44:42]}  Qb4 {[%clk 0:39:05]} 18. Bc2 {[%clk 0:34:00]}  Qxd2 {[%clk 0:37:52]} 19. Bxd2 {[%clk 0:34:27]}  Bf6 {[%clk 0:34:14]} 20. Rad1 {[%clk 0:34:42]}  Rad8 {[%clk 0:32:06]} 21. Bf4 {[%clk 0:28:06]}  Be8 {[%clk 0:23:00]} 22. Rxe6 {[%clk 0:26:06]}  Nxd4 {[%clk 0:21:39]} 23. Nxd4 {[%clk 0:20:49]}  Rxd4 {[%clk 0:22:08]} 24. Rxd4 {[%clk 0:12:52]}  Bxd4 {[%clk 0:22:36]} 25. Re7 {[%clk 0:12:18]}  Bc6 {[%clk 0:19:31]} 26. Be5 {[%clk 0:12:39]}  Bxe5 {[%clk 0:19:45]} 27. Rxe5 {[%clk 0:13:08]}  g6 {[%clk 0:15:28]} 28. h5 {[%clk 0:07:54]}  gxh5 {[%clk 0:15:40]} 29. Bxf5 {[%clk 0:07:55]}  Rd8 {[%clk 0:14:54]} 30. Be6+ {[%clk 0:05:45]}  Kg7 {[%clk 0:14:13]} 31. Rxh5 {[%clk 0:06:12]}  Rd1+ {[%clk 0:14:15]} 32. Kh2 {[%clk 0:06:41]}  Rd2 {[%clk 0:14:37]} 33. Rf5 {[%clk 0:07:37]}  Rxb2 {[%clk 0:14:25]} 34. g4 {[%clk 0:07:37]}  Be8 {[%clk 0:13:37]} 35. Kg3 {[%clk 0:07:32]}  Re2 {[%clk 0:11:54]} 36. Bb3 {[%clk 0:05:30]}  b5 {[%clk 0:11:06]} 37. Rc5 {[%clk 0:05:10]}  Re7 {[%clk 0:11:15]} 38. f4 {[%clk 0:04:57]}  Kf6 {[%clk 0:06:41]} 39. Rc8 {[%clk 0:04:09]}  a5 {[%clk 0:05:26]} 40. Rb8 {[%clk 0:04:32]}  Re3+ {[%clk 0:02:08]} 41. Kh4 {[%clk 0:01:22]}  a4 {[%clk 0:25:32]} 42. Bd5 {[%clk 0:31:12]}  Ke7 {[%clk 0:20:27]} 43. f5 {[%clk 0:28:48]}  Re5 {[%clk 0:19:50]} 44. Rb7+ {[%clk 0:26:35]}  Kf8 {[%clk 0:18:52]} 45. Be6 {[%clk 0:26:08]}  Re4 {[%clk 0:19:07]} 46. Rh7 {[%clk 0:25:31]}  b4 {[%clk 0:17:20]} 47. Rh8+ {[%clk 0:24:15]}  Ke7 {[%clk 0:17:49]} 48. Rxh6 {[%clk 0:24:39]}  b3 {[%clk 0:16:38]} 49. axb3 {[%clk 0:24:09]}  a3 {[%clk 0:17:07]} 50. Rh7+ {[%clk 0:24:11]}  Kf6 {[%clk 0:17:36]} 51. Ra7 {[%clk 0:24:34]}  Bb5 {[%clk 0:18:02]} 52. Rxa3 {[%clk 0:24:53]}  Be2 {[%clk 0:18:26]} 53. Ra4 {[%clk 0:25:18]} 1-0

[Event "45th FIDE Chess Olympiad Open"]
[Site "Budapest, Hungary"]
[Date "2024.09.22"]
[Round "11"]
[White "Subelj, Jan"]
[Black "Erigaisi Arjun"]
[Result "0-1"]
[Board "3"]
[WhiteFideId "14618583"]
[BlackFideId "35009192"]
[WhiteTitle "GM"]
[BlackTitle "GM"]
[WhiteElo "2498"]
[BlackElo "2778"]
[WhiteTeam "Slovenia"]
[BlackTeam "India"]
[WhiteClock "0:16:41"]
[BlackClock "1:07:28"]
[Variant "Standard"]

1. e4 {[%clk 1:30:41]}  d5 {[%clk 1:30:40]} 2. exd5 {[%clk 1:30:50]}  Qxd5 {[%clk 1:31:06]} 3. Nc3 {[%clk 1:30:55]}  Qd6 {[%clk 1:31:31]} 4. d4 {[%clk 1:30:40]}  Nf6 {[%clk 1:31:57]} 5. Nf3 {[%clk 1:29:29]}  g6 {[%clk 1:32:21]} 6. Nb5 {[%clk 1:21:12]}  Qb6 {[%clk 1:32:32]} 7. a4 {[%clk 1:20:45]}  a6 {[%clk 1:32:29]} 8. Na3 {[%clk 1:20:22]}  Be6 {[%clk 1:31:29]} 9. Nc4 {[%clk 1:15:03]}  Bxc4 {[%clk 1:26:35]} 10. Bxc4 {[%clk 1:12:27]}  Bg7 {[%clk 1:26:59]} 11. O-O {[%clk 1:07:55]}  O-O {[%clk 1:25:00]} 12. c3 {[%clk 1:07:08]}  c5 {[%clk 1:20:19]} 13. a5 {[%clk 0:55:59]}  Qc7 {[%clk 1:19:51]} 14. dxc5 {[%clk 0:55:39]}  Qxc5 {[%clk 1:19:19]} 15. Qd4 {[%clk 0:46:06]}  Rc8 {[%clk 1:13:03]} 16. Ne5 {[%clk 0:43:49]}  e6 {[%clk 1:13:14]} 17. Ra4 {[%clk 0:34:13]}  Qxd4 {[%clk 1:02:19]} 18. cxd4 {[%clk 0:34:35]}  Nc6 {[%clk 1:02:44]} 19. Nxc6 {[%clk 0:34:09]}  Rxc6 {[%clk 1:03:07]} 20. Bg5 {[%clk 0:31:26]}  Rd8 {[%clk 1:00:13]} 21. Rd1 {[%clk 0:23:13]}  Rd7 {[%clk 1:00:21]} 22. Kf1 {[%clk 0:20:55]}  Nd5 {[%clk 0:59:15]} 23. Ke2 {[%clk 0:20:22]}  h6 {[%clk 0:50:39]} 24. Be3 {[%clk 0:20:15]}  Ne7 {[%clk 0:50:57]} 25. Bd3 {[%clk 0:18:54]}  Rcd6 {[%clk 0:50:40]} 26. Rd2 {[%clk 0:14:16]}  f5 {[%clk 0:46:46]} 27. Bc4 {[%clk 0:10:03]}  g5 {[%clk 0:46:56]} 28. f4 {[%clk 0:09:56]}  g4 {[%clk 0:46:17]} 29. Rb4 {[%clk 0:06:46]}  Nd5 {[%clk 0:43:48]} 30. Bxd5 {[%clk 0:05:34]}  Rxd5 {[%clk 0:44:12]} 31. Rb6 {[%clk 0:05:52]}  Kf7 {[%clk 0:44:27]} 32. Rd3 {[%clk 0:05:39]}  Re7 {[%clk 0:39:21]} 33. Rdb3 {[%clk 0:04:30]}  Bxd4 {[%clk 0:39:16]} 34. Bxd4 {[%clk 0:04:24]}  Rxd4 {[%clk 0:39:42]} 35. Rxb7 {[%clk 0:04:07]}  Re4+ {[%clk 0:40:06]} 36. Kd3 {[%clk 0:03:34]}  Rxf4 {[%clk 0:40:30]} 37. Rxe7+ {[%clk 0:01:36]}  Kxe7 {[%clk 0:40:55]} 38. Rb7+ {[%clk 0:01:24]}  Kf6 {[%clk 0:41:19]} 39. b4 {[%clk 0:01:35]}  Rf2 {[%clk 0:39:03]} 40. Rb6 {[%clk 0:01:07]}  Rxg2 {[%clk 0:38:49]} 41. Rxa6 {[%clk 0:01:31]}  Rxh2 {[%clk 0:38:16]} 42. Ra8 {[%clk 0:01:31]}  Ra2 {[%clk 0:36:26]} 43. b5 {[%clk 0:22:52]}  g3 {[%clk 1:05:43]} 44. a6 {[%clk 0:23:03]}  h5 {[%clk 1:05:49]} 45. Ke3 {[%clk 0:16:31]}  h4 {[%clk 1:05:53]} 46. Rg8 {[%clk 0:16:16]}  h3 {[%clk 1:06:12]} 47. Rxg3 {[%clk 0:15:56]}  h2 {[%clk 1:06:38]} 48. Rh3 {[%clk 0:16:15]}  Ra3+ {[%clk 1:07:03]} 49. Kf4 {[%clk 0:16:41]}  e5# {[%clk 1:07:28]} 0-1